000 00721nam a2200253Ia 4500
003 OSt
005 20220918195539.0
006 a|||||r|||| 00| 0
007 ta
008 220917b |||||||| |||| 00| 0 eng d
024 _a85,293
037 _cTextual
040 _aARTS
_cARTS
_beng
041 _2eng
_aeng
082 _aSN1:86, M1
100 _aGoldstein Arnold P.
_986370
245 0 _aPsychological skill training
_b The structured learning technique.
260 _aNew York
_bPergamon Press
_c1981
300 _ax, 225p
_ccm.
490 _aPergramon general psychology series.
650 _aPSYCHOLOGY
942 _hSN1:86, M1
_cTEXL
_2CC
999 _c209006
_d209006